000 01038nam a22003377a 4500
003 CHAP
005 20220329134701.0
008 971013s1977 r 00010 d
010 _a24167
011 _a25139
035 _a29239
040 _cCHAP
082 _a526.9
_bB7
100 0 0 _aBrinker, Russell C.
_915372
245 _aElementary surveying
250 _a6 ed.
260 _aNew York :
_bHarper & Row,
_c1977
300 _a568 p.
_b: ilus.
490 _aIEP. Serie in civil engineering
590 _aBATCH-UPD
_b10
_c20130110
_lUCH01
_h1207
590 _aBATCH-UPD
_b10
_c20130410
_lUCH01
_h0748
590 _aBATCH-UPD
_b10
_c20130914
_lUCH01
_h1720
590 _aCONVERSION
_b10
_c20130109
_lUCH01
_h1314
650 1 4 _aTopografĂ­a.
_9113907
700 0 _aWolf, Paul R.
_9122436
830 0 _aIEP. Serie in civil engineering
_957322
901 _aBK
942 _cLIBRO
949 _a526.9 B7
_bBC
_cLIBRO
_d33724000405593
_eLIBRO
_fc.2
_h55070
_i29239
_si
949 _a526.9 B7
_bBC
_cLIBRO
_d33724000405601
_eLIBRO
_h55069
_i29239
_si
999 _c24167
_d24167